[Event "Prague Summer op-B 7th"]
[Site "Prague"]
[Date "2020.08.12"]
[Round "6"]
[White "Krupansky, Jaromir"]
[Black "Spanton, Timothy"]
[Result "1-0"]
[WhiteElo "1661"]
[BlackElo "1831"]
[PlyCount "79"]
[EventDate "2020.08.08"]
[EventType "swiss"]
[EventRounds "9"]
[EventCountry "CZE"]
[SourceTitle "EXT 2021"]
[Source "ChessBase"]
[SourceDate "2020.10.23"]
[SourceVersion "1"]
[SourceVersionDate "2020.10.23"]
[SourceQuality "1"]

1. e4 c5 2. Nf3 g6 3. d4 cxd4 4. Qxd4 Nf6 5. Nc3 Nc6 6. Qd3 Bg7 7. Be3 0-0 8. Be2 d6 9. h3 a6 10. a3 b5 11. 0-0 Bb7 12. Nd5 Nxd5 13. exd5 Ne5 14. Nxe5 dxe5 15. Rad1 f5 16. Qb3 Qd7 17. c4 f4 18. Bg4 Qd6 19. c5 Qf6 20. Bd2 Kh8 21. c6 Bc8 22. Bxc8 Raxc8 23. Bb4 Qf7 24. Rfe1 Rxc6 25. Bxe7 Re8 26. Qf3 Rc7 27. d6 Rd7 28. Qc6 Qe6 29. Qc5 Bf6 30. Bxf6+ Qxf6 31. Qc6 Red8 32. Qxa6 b4 33. axb4 Rxd6 34. Rxd6 Rxd6 35. Qc8+ Rd8 36. Qc3 Rd4 37. b5 Qd6 38. b6 Qxb6 39. Rxe5 Rd1+ 40. Re1+ 1-0

[Event "Prague-F"]
[Site "Prague"]
[Date "2019.03.15"]
[Round "8.2"]
[White "Krupansky, Jaromir"]
[Black "Levinsky, Ladislav"]
[Result "1/2-1/2"]
[WhiteElo "1662"]
[BlackElo "1528"]
[PlyCount "42"]
[EventDate "2019.03.09"]
[EventType "tourn"]
[EventRounds "9"]
[EventCountry "CZE"]
[SourceTitle "CBM 189 Extra"]
[Source "ChessBase"]
[SourceDate "2019.05.31"]
[SourceVersion "1"]
[SourceVersionDate "2019.05.31"]
[SourceQuality "1"]

1. e4 c6 2. d4 d5 3. exd5 cxd5 4. Bd3 Nc6 5. c3 e6 6. Bf4 Bd6 7. Bxd6 Qxd6 8. Nf3 Bd7 9. Nbd2 Nge7 10. Qe2 Ng6 11. g3 f6 12. 0-0-0 0-0-0 13. Nb3 Kb8 14. Rhe1 e5 15. dxe5 Ncxe5 16. Nxe5 Nxe5 17. f3 Rde8 18. Qf2 Nxd3+ 19. Rxd3 Rxe1+ 20. Qxe1 Re8 21. Qf2 Bc6 1/2-1/2

[Event "Prague-F"]
[Site "Prague"]
[Date "2019.03.14"]
[Round "7.4"]
[White "Nigrin, Jiri"]
[Black "Krupansky, Jaromir"]
[Result "1/2-1/2"]
[WhiteElo "1611"]
[BlackElo "1662"]
[PlyCount "63"]
[EventDate "2019.03.09"]
[EventType "tourn"]
[EventRounds "9"]
[EventCountry "CZE"]
[SourceTitle "CBM 189 Extra"]
[Source "ChessBase"]
[SourceDate "2019.05.31"]
[SourceVersion "1"]
[SourceVersionDate "2019.05.31"]
[SourceQuality "1"]

1. c4 e5 2. Nc3 Nf6 3. g3 Bb4 4. Bg2 0-0 5. e3 Re8 6. Nge2 a5 7. 0-0 c6 8. d3 Na6 9. Bd2 d6 10. a3 Bc5 11. d4 Ba7 12. Rc1 Be6 13. d5 Bd7 14. dxc6 bxc6 15. Ne4 Nxe4 16. Bxe4 Nc5 17. Bg2 a4 18. Bb4 Qc7 19. Nc3 Red8 20. Qc2 Na6 21. Qxa4 Nxb4 22. Qxb4 Rab8 23. Qa4 Rxb2 24. Rb1 Rxb1 25. Nxb1 Qb6 26. Qc2 g6 27. Nd2 Bf5 28. Qc3 Bb8 29. h4 Bc7 30. Qb4 Qa6 31. Ne4 Bxe4 32. Bxe4 1/2-1/2

[Event "Prague-F"]
[Site "Prague"]
[Date "2019.03.11"]
[Round "4.4"]
[White "Krupansky, Jaromir"]
[Black "Klimes, Jan1"]
[Result "1-0"]
[WhiteElo "1662"]
[BlackElo "1533"]
[PlyCount "77"]
[EventDate "2019.03.09"]
[EventType "tourn"]
[EventRounds "9"]
[EventCountry "CZE"]
[SourceTitle "CBM 189 Extra"]
[Source "ChessBase"]
[SourceDate "2019.05.31"]
[SourceVersion "1"]
[SourceVersionDate "2019.05.31"]
[SourceQuality "1"]

1. e4 a6 2. d4 b5 3. Nf3 Bb7 4. e5 e6 5. Bg5 Be7 6. Bxe7 Nxe7 7. Bd3 0-0 8. Nbd2 Ng6 9. g3 d6 10. Qe2 Nd7 11. exd6 cxd6 12. h4 e5 13. h5 Ne7 14. Rh4 exd4 15. 0-0-0 Re8 16. Qf1 Ne5 17. Nxd4 Nxd3+ 18. Qxd3 Qd7 19. g4 Nd5 20. Nf5 Nf4 21. Qxd6 Qxd6 22. Nxd6 Re7 23. Nxb7 Rxb7 24. Ne4 Rc7 25. g5 Ne6 26. b3 Rac8 27. Rd2 Kf8 28. Rh3 Ke7 29. Rf3 Rc6 30. Re3 R8c7 31. Ng3 g6 32. hxg6 hxg6 33. Ne4 Kf8 34. Rf3 Ke7 35. Re3 Kf8 36. f3 Kg7 37. Nf6 Kf8 38. f4 Re7 39. Rh3 1-0

[Event "Prague-F"]
[Site "Prague"]
[Date "2019.03.09"]
[Round "1.1"]
[White "Krupansky, Jaromir"]
[Black "Privoznik, Lubos"]
[Result "1-0"]
[WhiteElo "1662"]
[BlackElo "1615"]
[PlyCount "71"]
[EventDate "2019.03.09"]
[EventType "tourn"]
[EventRounds "9"]
[EventCountry "CZE"]
[SourceTitle "CBM 189 Extra"]
[Source "ChessBase"]
[SourceDate "2019.05.31"]
[SourceVersion "1"]
[SourceVersionDate "2019.05.31"]
[SourceQuality "1"]

1. e4 e6 2. d4 d5 3. Nc3 dxe4 4. Nxe4 Nd7 5. Nf3 Ngf6 6. Nxf6+ Nxf6 7. Bg5 Be7 8. Bd3 h6 9. Bxf6 Bxf6 10. Ne5 Bxe5 11. dxe5 Qd5 12. Qe2 Qxg2 13. 0-0-0 Qg5+ 14. Kb1 h5 15. Rhg1 Qh6 16. f4 Bd7 17. Qe3 Bc6 18. Rg5 g6 19. f5 exf5 20. Bxf5 0-0 21. Rxg6+ Qxg6 22. Bxg6 fxg6 23. Qh6 Be4 24. Qe3 Bf5 25. Qb3+ Kg7 26. Qxb7 Kh6 27. Qb3 Bg4 28. Re1 Rad8 29. Qe3+ Kg7 30. e6 Rf3 31. Qe5+ Kh6 32. e7 Re8 33. Qxc7 Rf7 34. b3 Bf5 35. Qxa7 Rc8 36. Qe3+ 1-0

[Event "Prague Summer op-B 5th"]
[Site "Prague"]
[Date "2018.08.05"]
[Round "3"]
[White "Krupansky, Jaromir"]
[Black "Sakovski, Roman"]
[Result "0-1"]
[WhiteElo "1677"]
[BlackElo "1894"]
[PlyCount "74"]
[EventDate "2018.08.03"]
[EventType "swiss"]
[EventRounds "9"]
[EventCountry "CZE"]
[SourceTitle "CBM 186 Extra"]
[Source "ChessBase"]
[SourceDate "2018.08.24"]
[SourceVersion "1"]
[SourceVersionDate "2018.08.24"]
[SourceQuality "1"]

1. e4 d6 2. d4 e5 3. dxe5 Nc6 4. Nc3 Nxe5 5. Be2 Bd7 6. f4 Ng6 7. Nf3 f5 8. 0-0 Nf6 9. Bd3 fxe4 10. Nxe4 Be7 11. Re1 Bc6 12. Neg5 Nf8 13. Nd4 Bd7 14. f5 h6 15. Nge6 Bxe6 16. fxe6 c6 17. Nf5 Rg8 18. Nxe7 Qxe7 19. c4 0-0-0 20. Qa4 Kb8 21. Be3 c5 22. b4 g5 23. bxc5 dxc5 24. Bf5 Ng6 25. g3 Nf4 26. Rad1 Rxd1 27. Rxd1 Ne2+ 28. Kf2 Nc3 29. Qc2 Nxd1+ 30. Qxd1 Rd8 31. Qf3 Qd6 32. Bh3 Rf8 33. Kg1 Ne4 34. Qe2 Nc3 35. Qh5 Qd3 36. Bxc5 Qb1+ 37. Kg2 Qf1# 0-1